| 000 | 00789nam a2200205 4500 | ||
|---|---|---|---|
| 001 | 128034 | ||
| 003 | ES-MaACL | ||
| 005 | 20240522131802.0 | ||
| 007 | t| | ||
| 008 | 070214m19531954sp r ||||1| spa d | ||
| 100 | 1 |
_aRives y Martí, Francisco de P. _997722 |
|
| 245 | 1 | 0 |
_aTeoría y práctica de actuaciones judiciales en materia de concurso de acreedores y quiebras / _cpor D. Francisco de P. Rives y Martí ; prólogo del Excmo. Sr. D. José María Manresa Navarro. |
| 250 |
_a3ª ed. corr. y adicionada _bpor José Saura Juan. |
||
| 260 |
_aMadrid : _bReus, _c1953-54. |
||
| 300 |
_a2 t. ; _c23 cm. |
||
| 700 | 1 |
_aManresa y Navarro, José María, _d1818-1905 _976090 |
|
| 700 | 1 |
_aSaura Juan, José. _9104001 |
|
| 852 |
_aES-MaACL _jE-2373-4 _bR.37074 |
||
| 999 |
_c128034 _d128034 |
||